000 00978nam a2200277 a 4500
001
003 DO-SdBNP
005 20210517082700.0
008 180319s2017 dr a 000 0 spa d
020 _a9789945503043
040 _aBPMSU
_bspa
_cBPMSU
082 _aRD861.44
_bM632s
_222
100 1 _aMiesesBurgos, Franklin,
_d1907-1976
245 1 3 _aEl sembrador de voces :
_bselección poética /
_cFranklin Mieses Burgos ; prólogo Federico Henríquez Gratereaux ; selección José Enrique García.
260 _aSanto Domingo :
_bMinisterio de Cultura,
_c2017.
300 _axxvii, 164 p. :
_bil. ;
_c19 cm.
490 0 _aBiblioteca dominicana básica ;
_v3
500 _aIncluye datos biográficos del autor en las solapas
590 _aInventariado, 2021/VM
650 4 _aPoesía dominicana
650 4 _aLiteratura dominicana
700 1 _aHenríquez Gratereaux, Federico,
_epról.
700 1 _aGarcía, José Enrique,
_esel.
910 _aVMateo
942 _2ddc
_cBK
999 _c13501
_d13501